000 00398nam a2200133Ia 4500
008 220216s9999 xx 000 0 und d
100 _aTata S J
245 0 _aSignificance of non-staining white zones in starch gel electrophoresis
260 _bJournal of the Rubber Research Institute of Malaya
_c1969
300 _a471-483
650 _aGel electrophoresis
700 _aEdwin E E
942 _cJS
999 _c68683
_d68683